000 01386nam a2200361 i 4500
005 20220317002100.0
007 ta
008 201209m20182020ck a b 000 0 s d
020 _a9789583056857
040 _aCO-BoRNBP
_bspa
_erda
_cCO-BoRNBP
041 1 _aspa
_hfre
082 0 4 _a179.9
_bL11c
_222
100 1 _aLabbé, Brigitte
_d1960-
_eautor
245 1 3 _aLa cólera y la paciencia
_cBrigitte Labbé, P.F. Dupont-Beurier ; ilustraciones de Jacques Azam ; traducción de Jorge Eduardo Salgar Restrepo
250 _aPrimera edición
264 1 _aBogotá
_bPanamericana Editorial
_c2018
_c2020
300 _a43 páginas
_bilustraciones
_c19 cm
336 _atexto
_btxt
_2rdacontent
337 _asin mediación
_bn
_2rdamedia
338 _avolumen
_bnc
_2rdacarrier
490 0 _aPíldoras de sabiduría
521 _aRecomendado para un público mayor de 9 años
534 _tLa colére et la patience
650 1 7 _2LEMB
_aPaciencia
_xLiteratura infantil
650 1 7 _2LEMB
_aIra
_xLiteratura infantil
650 1 7 _2LEMB
_aFilosofía de la vida
_xLiteratura infantil
650 1 7 _2LEMB
_aPsicología infantil
_xLiteratura infantil
650 1 7 _2LEMB
_aVirtudes
_xLiteratura infantil
700 1 _aDupont Beurier, Pierre Francois
_eautor
_990025
700 1 _aAzam, Jacques
_eIlustrador
_990026
700 1 _aSalgar Restrepo, Jorge Eduardo
_etraductor
_990027
942 _2ddc
_cBKINF
999 _c9127
_d9127